Levice Pomník sovietskym a rumunským vojakom

Zobrazenie: pohľad na pomník pred ním kruhový kvetinový záhon

Bibliographic Details
Other Authors: Holúbek, Štefan (fotograf) (Photographer)
Format: Postcard
Language:Slovak
PhysicalDescription:1 pohľadnica čiernobiela 11 x 15 cm
Published: [Bratislava] VPL 1968
Subjects:

MARC

LEADER 00000nkm a2200000 a 4500
001 vtls010689727
003 SK-MaSNL
005 20260512130217.0
007 kp bo
008 231206s1968 xo g k|slo lo
015 |a SNBG 
035 |a 7FC6B43C-C1E7-418C-8A65-5A9D2C795002 
035 |a urn:nbn:sk:snk-kmxy05 
035 |a urn:nbn:sk:snk-km004x19 
040 |a SNK  |b slo  |c SNK  |e AACR2 
041 0 |a slo 
043 |a e-xo--- 
044 |a xo  |c SK 
080 |a 908(437.6)  |2 2001 
080 |a (084.121)  |2 2001 
080 |a 725.945  |2 2001 
100 1 |a Holúbek, Štefan  |c (fotograf)  |4 pht  |9 61229 
245 1 0 |a Levice  |h grafika  |b Pomník sovietskym a rumunským vojakom  |c foto Štefan Holúbek 
260 |a [Bratislava]  |b VPL  |c 1968 
300 |a 1 pohľadnica  |b čiernobiela  |c 11 x 15 cm 
520 8 |a Zobrazenie: pohľad na pomník pred ním kruhový kvetinový záhon 
650 0 7 |a pamätníky  |2 SNKPH  |9 25601 
651 7 |a Levice (Slovensko)  |2 SNKPH  |9 55713 
655 7 |a miestne pohľadnice  |2 SNKPH  |9 70510 
852 |a Slovenská národná knižnica 
958 |a GC 
958 |a GBN 
958 |a OND 
999 |c 1185648  |d 1187578 
952 |a SNK  |b SNK  |y PREZ  |7 0  |p 17A1163019  |o snkSP 474/a  |0 0  |1 0  |4 0  |d 2015-07-01  |f 1  |l 0  |r 2026-02-24 21:54:19  |w 2026-02-24